La integración diferencial del plantel docente

Saved in:
Bibliografiske detaljer
Hovedforfatter: Lewis, James (Author)
Format: Bog
Sprog:spansk
Udgivet: Buenos Aires Guadalupe 1974
Serier:Biblioteca Pedagógica, 32
Fag:
Tags: Tilføj Tag
Ingen Tags, Vær først til at tagge denne postø!

MARC

LEADER 00000nam a2200000 a 4500
001 UCZ7606
003 CL-VaPUC
008 960105e19740000AG |||||||||||||||||spa|d
082 0 4 |a 371.14  |b LEW  |2 21 
100 0 |a Lewis, James  |e author  |9 352571 
245 1 3 |a La integración diferencial del plantel docente 
300 |a 262 p 
942 |c BK 
945 |d 19960105 00:00:00  |a lriquelm 
260 |a Buenos Aires  |b Guadalupe  |c 1974 
650 7 |a DOCENCIA  |2 CL-VaPUC  |9 352572 
650 0 |a Integración escolar  |9 312238 
650 0 |a Agrupamiento educacional  |9 351945 
650 0 |a Formación profesional de profesores  |9 307493 
583 |a last modification  |c 19960105 00:00:00  |k Rodrigo Vera 
490 0 |a Biblioteca Pedagógica, 32 
999 |c 243657  |d 243655 
952 |0 0  |1 0  |4 0  |6 371_140000000000000_LEW_1974  |7 0  |8 P  |9 257397  |a BIBEDU  |b BIBEDU  |c BIBEDU_PB  |d 2019-11-19  |i 1613340  |o 371.14 LEW 1974  |p 1613340  |r 2024-01-25  |w 2019-11-19  |y BK  |k EDU 
952 |0 0  |1 0  |4 0  |6 371_140000000000000_LEW_1974  |7 0  |8 P  |9 257398  |a BIBEDU  |b BIBEDU  |c BIBEDU_PB  |d 2019-11-19  |i 1629379  |o 371.14 LEW 1974  |p 1629379  |r 2024-01-25  |w 2019-11-19  |y BK  |k EDU 
952 |0 0  |1 0  |4 0  |6 371_140000000000000_LEW_1974  |7 0  |8 P  |9 257399  |a BIBEDU  |b BIBEDU  |c BIBEDU_PB  |d 2019-11-19  |i 1630571  |o 371.14 LEW 1974  |p 1630571  |r 2024-01-25  |w 2019-11-19  |y BK  |k EDU